<?xml version='1.0' encoding='UTF-8'?>
  <record xmlns="http://www.loc.gov/MARC21/slim">
    <leader>00000cam a22000007i 4500</leader>
    <controlfield tag="001">on1338302716</controlfield>
    <controlfield tag="003">OCoLC</controlfield>
    <controlfield tag="005">20231107060825.5</controlfield>
    <controlfield tag="008">220804s1822    xx     fr     00| 0 dut d</controlfield>
    <datafield tag="040" ind1=" " ind2=" ">
      <subfield code="a">QGJ</subfield>
      <subfield code="b">eng</subfield>
      <subfield code="e">rda</subfield>
      <subfield code="e">dcrmr</subfield>
      <subfield code="c">QGJ</subfield>
      <subfield code="d">QGJ</subfield>
      <subfield code="d">OCLCF</subfield>
      <subfield code="d">OCLCO</subfield>
    </datafield>
    <datafield tag="035" ind1=" " ind2=" ">
      <subfield code="a">(OCoLC)1338302716</subfield>
    </datafield>
    <datafield tag="245" ind1="0" ind2="0">
      <subfield code="a">Afmetingen en wijze van constructie van de Metalen en IJzeren Mortieren, de Metalen Houwitsers en het Blok van den Coehoorn-mortier.</subfield>
    </datafield>
    <datafield tag="264" ind1=" " ind2="1">
      <subfield code="a">[Place of publication not identified] :</subfield>
      <subfield code="b">[publisher not identified],</subfield>
      <subfield code="c">Junij 1822.</subfield>
    </datafield>
    <datafield tag="300" ind1=" " ind2=" ">
      <subfield code="a">19 unnumbered pages :</subfield>
      <subfield code="b">tables ;</subfield>
      <subfield code="c">33 cm</subfield>
    </datafield>
    <datafield tag="336" ind1=" " ind2=" ">
      <subfield code="a">text</subfield>
      <subfield code="b">txt</subfield>
      <subfield code="2">rdacontent</subfield>
    </datafield>
    <datafield tag="337" ind1=" " ind2=" ">
      <subfield code="a">unmediated</subfield>
      <subfield code="b">n</subfield>
      <subfield code="2">rdamedia</subfield>
    </datafield>
    <datafield tag="338" ind1=" " ind2=" ">
      <subfield code="a">volume</subfield>
      <subfield code="b">nc</subfield>
      <subfield code="2">rdacarrier</subfield>
    </datafield>
    <datafield tag="340" ind1=" " ind2=" ">
      <subfield code="m">folio</subfield>
      <subfield code="2">rda</subfield>
    </datafield>
    <datafield tag="500" ind1=" " ind2=" ">
      <subfield code="a">No imprint; no colophon.</subfield>
    </datafield>
    <datafield tag="505" ind1="0" ind2=" ">
      <subfield code="a">Afmetingen en wijze van Constructie der metalen mortieren van 29 duim (50 lb. steen), 20 duim (16 lb. steen) en van den coehoornmortier van 13 duim (16 lb. ijzer) -- Benaming der deelen -- Afmetingen en wijze van constructie der ijzeren kogel- en steen-mortieren van 39 duim -- Afmetingen en wijze van constructie der metalen houwitsers van 20 duim (16 lb. steen) en van 15 duim (24 lb. ijzer) -- Afmetingen van het eikenhouten blok van den Coehoorn mortier -- Bijvoegsels tot de na te noemen Tafels [with Errata].</subfield>
    </datafield>
    <datafield tag="650" ind1=" " ind2="0">
      <subfield code="a">Artillery, Field and mountain.</subfield>
    </datafield>
    <datafield tag="650" ind1=" " ind2="0">
      <subfield code="a">Technology</subfield>
      <subfield code="v">Terminology.</subfield>
    </datafield>
    <datafield tag="650" ind1=" " ind2="6">
      <subfield code="a">Artillerie de campagne et de montagne.</subfield>
    </datafield>
    <datafield tag="650" ind1=" " ind2="7">
      <subfield code="a">field artillery.</subfield>
      <subfield code="2">aat</subfield>
    </datafield>
    <datafield tag="650" ind1=" " ind2="7">
      <subfield code="a">Artillery, Field and mountain</subfield>
      <subfield code="2">fast</subfield>
    </datafield>
    <datafield tag="650" ind1=" " ind2="7">
      <subfield code="a">Technology</subfield>
      <subfield code="2">fast</subfield>
    </datafield>
    <datafield tag="655" ind1=" " ind2="7">
      <subfield code="a">Terminology</subfield>
      <subfield code="2">fast</subfield>
    </datafield>
    <datafield tag="772" ind1="0" ind2="8">
      <subfield code="i">Supplement to (work):</subfield>
      <subfield code="a">Schweickhardt, L.</subfield>
      <subfield code="t">IJzerer kogel- en steen-mortier van 39 duim : voorgesteld in het 1/5 der ware grootte</subfield>
      <subfield code="w">(OCoLC)1334665107</subfield>
    </datafield>
    <datafield tag="772" ind1="0" ind2="8">
      <subfield code="i">Supplement to (work):</subfield>
      <subfield code="a">Schweickhardt, L.</subfield>
      <subfield code="t">Mortier van 29, Mortier en Houwitser van 20, en Coehoorn-mortier van 13 duim :</subfield>
      <subfield code="b">de drie eerstgenoemde voorgesteld in het 1/5, de laatste in het 1/2 der ware grootte</subfield>
      <subfield code="w">(OCoLC)1334667869</subfield>
    </datafield>
  </record>